000 00255nam a2200121 i 4500
001 bg
245 0 _aMenschen im Jahr 2000.
260 _aFranfurkt,
_c1969.
040 _cBPK
041 _apol
942 _cKS
008 s pl f |000 0 pol
999 _c14052
_d14052
856 _uhttp://koha.tu.koszalin.pl/cgi-bin/koha/opac-detail.pl?biblionumber=14052
_yKatalog online BPK